000 00405nam a2200121 a 4500
008 120416s9999 xx |||||||||||||| || u
050 _aTD 645 Whi
100 _aWhite, James Bernard
245 1 0 _aWastewater engineering
250 _a2nd ed.
350 _a0.00
995 _D0.00
_FCBU-MAIN LIBRARY (Kitwe)
_H1
_I0.00
_UDAMAGED
_ZMain Library Open Access Collection
999 _c61445
_d61445